[Event "Salon de Provence op 7th"]
[Site "Salon de Provence"]
[Date "2016.07.11"]
[Round "4"]
[White "Graille, Sebastien"]
[Black "Wilfert, Fabrice"]
[Result "0-1"]
[WhiteElo "1781"]
[BlackElo "1856"]
[PlyCount "86"]
[EventDate "2016.07.09"]
[EventType "swiss"]
[EventRounds "9"]
[EventCountry "FRA"]
[SourceTitle "EXT 2019"]
[Source "ChessBase"]
[SourceDate "2018.10.10"]
[SourceVersion "1"]
[SourceVersionDate "2018.10.10"]
[SourceQuality "1"]

1. c4 f5 2. Nc3 Nf6 3. d4 e6 4. Bg5 Bb4 5. e3 b6 6. Nf3 Bb7 7. Bd3 Bxc3+ 8. bxc3 0-0 9. 0-0 d6 10. Qe2 Nbd7 11. Nd2 Qe8 12. Bh4 g5 13. Bxg5 Qg6 14. f4 h6 15. Bxf6 Nxf6 16. Rab1 Rad8 17. d5 exd5 18. Rf3 Kh8 19. Rg3 Qh7 20. cxd5 Bxd5 21. a4 Rg8 22. Rxg8+ Rxg8 23. g3 Re8 24. Nf3 Ng4 25. Nh4 Rxe3 26. Qxg4 fxg4 27. Bxh7 Kxh7 28. Rc1 a5 29. Nf5 Re4 30. Nd4 c5 31. Nf5 Rxa4 32. Nxd6 Ra2 33. Ne8 Rg2+ 34. Kf1 Rxh2 35. Re1 Rh1+ 36. Kf2 Rxe1 37. Kxe1 Kg6 38. Nc7 Bc4 39. Ne8 a4 40. Kd2 h5 41. f5+ Kg5 42. f6 Bf7 43. Ng7 Kxf6 0-1

[Event "Salon de Provence op 7th"]
[Site "Salon de Provence"]
[Date "2016.07.10"]
[Round "3"]
[White "Bohli, Adam"]
[Black "Graille, Sebastien"]
[Result "1-0"]
[WhiteElo "1650"]
[BlackElo "1781"]
[PlyCount "58"]
[EventDate "2016.07.09"]
[EventType "swiss"]
[EventRounds "9"]
[EventCountry "FRA"]
[SourceTitle "EXT 2019"]
[Source "ChessBase"]
[SourceDate "2018.10.10"]
[SourceVersion "1"]
[SourceVersionDate "2018.10.10"]
[SourceQuality "1"]

1. e4 c5 2. Nc3 Nc6 3. f4 d6 4. Nf3 g6 5. Bc4 Na5 6. Be2 Bg7 7. 0-0 Nf6 8. d3 0-0 9. Qe1 Nc6 10. Qh4 Nd4 11. f5 b5 12. Nxd4 cxd4 13. Nxb5 Qb6 14. fxg6 hxg6 15. Na3 Bb7 16. Nc4 Qc5 17. Bg5 Bxe4 18. b4 Qxb4 19. dxe4 Qc5 20. Bd3 Nxe4 21. Bxe7 Rfe8 22. Qxe4 d5 23. Bxc5 dxe4 24. Nd6 exd3 25. Nxe8 dxc2 26. Nxg7 d3 27. Be3 Kxg7 28. Bd2 Rb8 29. Kf2 Re8 1-0